000 00431nam a2200181Ia 4500
001 2259
005 20260306143829.0
008 260306t2016||||xx |||||||||||||| ||spa||
041 _aESP
082 _a616.83
_bM86D
100 _aMoratilla Pérez, Iván
_eAUT
245 0 _aDemencia. ¿Estamos preparados?
260 _c2016
300 _a180 páginas :
_c22 cm.
650 _aGEN
654 _aCPS
942 _cLIB
_dJUS
_fJUS
_2ddc
_n
999 _c2259
_d2259